[Event "4NCL Online Division 4"]
[Site "online"]
[Date "2020.04.07"]
[Round "1.154"]
[White "Reekie-Black, Matthew"]
[Black "Blair, Jimmy"]
[Result "1/2-1/2"]
[WhiteElo "1615"]
[BlackElo "1375"]
[PlyCount "99"]
[EventDate "2020.04.07"]
[WhiteTeam "Stroud The Old"]
[BlackTeam "War & Piece"]

1. e4 c5 2. Nc3 d6 3. f4 Nf6 4. Nf3 Bg4 5. Bc4 g6 6. O-O Bg7 7. h3 Bd7 8. d3
O-O 9. Qe1 Re8 10. Qh4 Nh5 11. g4 Bf6 12. Ng5 Bxg5 13. fxg5 e6 14. gxh5 Nc6 15.
hxg6 fxg6 16. Bf4 Qe7 17. Nb5 Ne5 18. Bxe5 dxe5 19. Nc7 b5 20. Nxe8 Rxe8 21.
Bb3 a5 22. c4 a4 23. Bc2 b4 24. b3 a3 25. Rf2 Qd6 26. Raf1 Qd4 27. Kh1 Qd6 28.
Qh6 Qe7 29. Rf7 Qxf7 30. Rxf7 Kxf7 31. Qxh7+ Kf8 32. Qxd7 Re7 33. Qc8+ Kg7 34.
Qxc5 Rf7 35. Kg2 Kg8 36. Qxe5 Rh7 37. Qxe6+ Rf7 38. Qxg6+ Rg7 39. Qxg7+ Kxg7
40. d4 Kg6 41. d5 Kxg5 42. c5 Kf6 43. d6 Ke6 44. e5 Kd7 45. Bf5+ Kc6 46. d7
Kxc5 47. d8=Q Kb5 48. e6 Kc6 49. e7 Kc5 50. e8=Q 1/2-1/2

[Event "4NCL Online Division 4"]
[Site "online"]
[Date "2020.04.07"]
[Round "1.161"]
[White "Chaplin, Peter E"]
[Black "Robbings, Andrew MJ"]
[Result "1-0"]
[WhiteElo "2046"]
[BlackElo "2027"]
[PlyCount "121"]
[EventDate "2020.04.07"]
[WhiteTeam "Weston Super Mare"]
[BlackTeam "Wantage"]

1. b3 d5 2. Nf3 e6 3. Bb2 b6 4. g3 Bb7 5. Bg2 Nd7 6. O-O Rb8 7. d3 Ngf6 8. c4
d4 9. Nxd4 Bxg2 10. Kxg2 Qc8 11. e3 Qb7+ 12. Qf3 c5 13. Nc6 Rc8 14. Ne5 Qxf3+
15. Nxf3 Bd6 16. e4 Bb8 17. Nc3 O-O 18. d4 cxd4 19. Nxd4 Nc5 20. Ba3 Rfd8 21.
Bxc5 Rxc5 22. Rfd1 Rd7 23. f3 Rc8 24. Kf2 Kf8 25. Nde2 Rcd8 26. Rxd7 Rxd7 27.
Rd1 Rxd1 28. Nxd1 Bd6 29. Nec3 Bc5+ 30. Ke2 Nd7 31. f4 Nb8 32. Ne3 Nc6 33. Nc2
Ke7 34. Kd3 h6 35. a3 a5 36. Na4 Bg1 37. h3 Kd7 38. b4 Kc7 39. b5 Ne7 40. Ke2
Nc8 41. Kf1 Bc5 42. Nxc5 bxc5 43. Ke2 Nd6 44. Kd3 h5 45. Ne3 Kd7 46. e5 Nc8 47.
Nf1 f5 48. exf6 gxf6 49. Nd2 f5 50. Nb3 Nd6 51. Nxc5+ Ke7 52. Kd4 Nc8 53. Nb3
a4 54. Nc5 Nb6 55. h4 Kd6 56. Ne4+ Ke7 57. Nc3 e5+ 58. fxe5 Ke6 59. Nd5 Nd7 60.
Nf4+ Ke7 61. c5 1-0

[Event "4NCL Online Division 4"]
[Site "online"]
[Date "2020.04.07"]
[Round "1.162"]
[White "Carter, John P"]
[Black "Szarka, Szilard"]
[Result "1/2-1/2"]
[WhiteElo "1802"]
[BlackElo "1895"]
[PlyCount "131"]
[EventDate "2020.04.07"]
[WhiteTeam "Wantage"]
[BlackTeam "Weston Super Mare"]

1. e4 e5 2. Nf3 Nc6 3. Bb5 a6 4. Ba4 Nf6 5. O-O Be7 6. Re1 b5 7. Bb3 O-O 8. a4
Bb7 9. d3 h6 10. c3 d6 11. Nbd2 Nd7 12. Nf1 Na5 13. Bc2 c5 14. Ne3 Nf6 15. axb5
axb5 16. Bd2 Nc6 17. Rxa8 Bxa8 18. Nf5 Re8 19. Nxe7+ Nxe7 20. Nh4 d5 21. f4
dxe4 22. fxe5 exd3 23. exf6 dxc2 24. Qxc2 Ng6 25. Nxg6 Rxe1+ 26. Bxe1 fxg6 27.
Qxg6 Qxf6 28. Qe8+ Qf8 29. Qxb5 Qc8 30. Bf2 c4 31. b4 Qc6 32. Qxc6 Bxc6 33. Bc5
h5 34. Kf2 Kf7 35. g3 Ke6 36. Ke3 g6 37. Kd4 Bb5 38. Bf8 Kd7 39. Kc5 Ba4 40.
Kxc4 Kc6 41. Kd4 Bd1 42. c4 Bf3 43. b5+ Kb7 44. c5 Be2 45. b6 Kc6 46. Ke5 Bd3
47. Kf4 Be2 48. Bd6 Bd3 49. g4 hxg4 50. Kxg4 Be4 51. Kg5 Bf5 52. Kf6 Bd3 53. h4
Be4 54. Ke7 Bf5 55. Kd8 Bg4 56. Bf4 Bf5 57. Ke7 Be4 58. Be3 Bf5 59. Kf6 Be4 60.
Bd4 Bd3 61. Be5 Be4 62. Bc7 Kxc5 63. b7 Bxb7 64. Kxg6 Bf3 65. h5 Bxh5+ 66. Kxh5
1/2-1/2

[Event "4NCL Online Division 4"]
[Site "online"]
[Date "2020.04.07"]
[Round "1.163"]
[White "Sookphanich, Golf"]
[Black "Mills, Matt"]
[Result "1-0"]
[WhiteElo "1757"]
[BlackElo "1465"]
[PlyCount "75"]
[EventDate "2020.04.07"]
[WhiteTeam "Weston Super Mare"]
[BlackTeam "Wantage"]

1. d4 d5 2. c4 Nf6 3. Nc3 e6 4. Bg5 Bb4 5. e3 O-O 6. Nf3 Nc6 7. Bd3 dxc4 8.
Bxc4 b6 9. Rc1 Bb7 10. O-O Be7 11. Qe2 Nd7 12. Bxe7 Qxe7 13. Nb5 Nf6 14. Na3 a6
15. Bd3 Nb4 16. Bb1 a5 17. Rfe1 Be4 18. Bxe4 Nxe4 19. b3 c5 20. Nc4 Rab8 21. a3
Nd5 22. Qd3 Nd6 23. Nfe5 Nxc4 24. bxc4 Nf6 25. Nc6 Qd6 26. Nxb8 Rxb8 27. h3
cxd4 28. Qxd4 Qxa3 29. Rb1 a4 30. Red1 Qf8 31. Rxb6 Ra8 32. c5 a3 33. c6 a2 34.
c7 Nd5 35. Rb8 Nxc7 36. Rxf8+ Kxf8 37. Qd6+ Ke8 38. Qc6+ 1-0

[Event "4NCL Online Division 4"]
[Site "online"]
[Date "2020.04.07"]
[Round "1.164"]
[White "Leake, John"]
[Black "Isaac, Oliver T"]
[Result "0-1"]
[WhiteElo "1307"]
[BlackElo "1682"]
[PlyCount "54"]
[EventDate "2020.04.07"]
[WhiteTeam "Wantage"]
[BlackTeam "Weston Super Mare"]

1. d4 Nf6 2. Nc3 d5 3. Nf3 c5 4. dxc5 Bf5 5. Nd4 Bg6 6. e3 e6 7. Bb5+ Nbd7 8.
c6 bxc6 9. Bxc6 Rc8 10. O-O e5 11. Bxd7+ Qxd7 12. Nf3 Bd6 13. Re1 O-O 14. h3
Rfd8 15. b3 Rxc3 16. Bb2 Rxc2 17. Bxe5 Bxe5 18. Nxe5 Qf5 19. Nf3 Rdc8 20. Re2
Rxe2 21. Qxe2 Rc2 22. Qe1 Ne4 23. Nd4 Qxf2+ 24. Qxf2 Rxf2 25. Rc1 h6 26. a4 Rb2
27. Rc5 Nxc5 0-1

[Event "4NCL Online Division 4"]
[Site "online"]
[Date "2020.06.09"]
[Round "10.11"]
[White "Combie, Alex B"]
[Black "Bozinakis, Pavlos"]
[Result "0-1"]
[WhiteElo "1990"]
[BlackElo "2216"]
[PlyCount "106"]
[EventDate "2020.06.09"]
[WhiteTeam "Ashfield Anonymous B"]
[BlackTeam "Phones Pals"]

1. g3 e5 2. c4 Nc6 3. Bg2 g6 4. Nc3 Bg7 5. Nf3 d6 6. O-O f5 7. d3 Nf6 8. Rb1
O-O 9. b4 a6 10. a4 h6 11. b5 axb5 12. axb5 Ne7 13. e4 f4 14. d4 Nd7 15. c5
dxc5 16. dxe5 Nxe5 17. Nxe5 Qxd1 18. Rxd1 Bxe5 19. Nd5 Nxd5 20. Rxd5 Bd4 21.
Bxf4 Be6 22. Bxh6 Bxd5 23. Bxf8 Ba2 24. Bxc5 Bxc5 25. Rd1 Be6 26. e5 Ra2 27.
Bd5 Bxd5 28. Rxd5 Bxf2+ 29. Kf1 Bb6 30. h4 Rf2+ 31. Ke1 Rg2 32. e6 Rxg3 33. e7
Re3+ 34. Kd2 Rxe7 35. h5 gxh5 36. Rxh5 Re3 37. Rd5 Kf7 38. Rh5 Ke6 39. Rh6+ Kd5
40. Rxb6 cxb6 41. Kxe3 Kc4 42. Kd2 Kxb5 43. Kc3 Ka4 44. Kb2 Kb4 45. Ka2 Kc3 46.
Kb1 Kb3 47. Ka1 b5 48. Kb1 b4 49. Ka1 Kc2 50. Ka2 b3+ 51. Ka1 b2+ 52. Ka2 b1=Q+
53. Ka3 Qb3# 0-1

[Event "4NCL Online Division 4"]
[Site "online"]
[Date "2020.06.09"]
[Round "10.12"]
[White "Shah, Dipen"]
[Black "Flynn, David"]
[Result "1/2-1/2"]
[WhiteElo "1501"]
[BlackElo "1900"]
[PlyCount "155"]
[EventDate "2020.06.09"]
[WhiteTeam "Phones Pals"]
[BlackTeam "Ashfield Anonymous B"]

1. e4 e6 2. d4 d5 3. Nc3 Bb4 4. Qd3 dxe4 5. Qxe4 Nf6 6. Qh4 b6 7. Nf3 Ba6 8.
Bxa6 Nxa6 9. Bg5 O-O 10. O-O Bxc3 11. bxc3 c5 12. Ne5 h6 13. Bxf6 Qxf6 14. Qxf6
gxf6 15. Nd7 Rfc8 16. Nxf6+ Kg7 17. Nh5+ Kh7 18. Rfc1 cxd4 19. cxd4 Rc3 20.
Nf6+ Kg6 21. Ne4 Rc4 22. c3 Nc7 23. Rab1 Nd5 24. Rb3 Rac8 25. Kf1 R8c6 26. Ke1
f5 27. Nd2 Rxc3 28. Rcxc3 Rxc3 29. Nf3 Rc2 30. Ne5+ Kf6 31. Rh3 Kg7 32. Rg3+
Kh7 33. Nd7 Rxa2 34. Nf8+ Kh8 35. Nxe6 a5 36. Rf3 Ne7 37. Nc7 Rc2 38. Nb5 Rc6
39. Kd2 Rg6 40. g3 Kg7 41. Kd3 Kf6 42. Kc4 Ke6 43. Re3+ Kd7 44. d5 Rg4+ 45. f4
Rg6 46. d6 Nc8 47. Re5 Nxd6+ 48. Nxd6 Rxd6 49. Rxf5 Kc6 50. g4 Re6 51. g5 hxg5
52. fxg5 Re2 53. Rf6+ Kb7 54. Rh6 Rc2+ 55. Kb3 Rg2 56. h4 b5 57. h5 Rg3+ 58.
Kb2 Rxg5 59. Rh7+ Kc6 60. h6 Rh5 61. Rh8 Kb7 62. h7 Rh3 63. Kc2 a4 64. Kb2 b4
65. Rg8 Rxh7 66. Rg4 Rh2+ 67. Kb1 Ka6 68. Rxb4 Ka5 69. Rb2 Rh3 70. Ka2 Rg3 71.
Kb1 a3 72. Rb8 Ka4 73. Ra8+ Kb4 74. Rb8+ Kc4 75. Ka2 Kd4 76. Rb3 Rxb3 77. Kxb3
a2 78. Kxa2 1/2-1/2

[Event "4NCL Online Division 4"]
[Site "online"]
[Date "2020.06.09"]
[Round "10.13"]
[White "Graham, Neil"]
[Black "Narang, Vishal"]
[Result "1/2-1/2"]
[WhiteElo "1795"]
[BlackElo "1487"]
[PlyCount "42"]
[EventDate "2020.06.09"]
[WhiteTeam "Ashfield Anonymous B"]
[BlackTeam "Phones Pals"]

1. d4 d5 2. e4 e6 3. Be3 dxe4 4. Nd2 Nf6 5. f3 Nd5 6. Qe2 Nxe3 7. Qxe3 exf3 8.
Ngxf3 Be7 9. Bd3 Nd7 10. O-O O-O 11. c3 Nb6 12. Ne5 Nd5 13. Qh3 g6 14. Rxf7
Rxf7 15. Nxf7 Qf8 16. Rf1 Qg7 17. Nh6+ Kh8 18. Nf7+ Kg8 19. Nh6+ Kh8 20. Nf7+
Kg8 21. Nh6+ Kh8 1/2-1/2

[Event "4NCL Online Division 4"]
[Site "online"]
[Date "2020.06.09"]
[Round "10.14"]
[White "Sharan, Kartike"]
[Black "Pettinger, Martin"]
[Result "0-1"]
[WhiteElo "1140"]
[BlackElo "1645"]
[PlyCount "70"]
[EventDate "2020.06.09"]
[WhiteTeam "Phones Pals"]
[BlackTeam "Ashfield Anonymous B"]

1. e4 c5 2. Nf3 d6 3. d4 cxd4 4. Nxd4 Nf6 5. Bb5+ Nbd7 6. Nc3 a6 7. Ba4 b5 8.
Bb3 Bb7 9. Qe2 e6 10. a3 Nc5 11. f3 Nxb3 12. cxb3 Be7 13. O-O O-O 14. Rd1 Qc7
15. Be3 Rac8 16. Rac1 Qb8 17. Kh1 d5 18. Bg5 Ng4 19. fxg4 Bxg5 20. Rc2 dxe4 21.
Nxe4 Bf4 22. Nf3 Rxc2 23. Qxc2 Rc8 24. Qd3 Qa8 25. Ng3 Bxg3 26. hxg3 Be4 27.
Qe3 Rc2 28. Qd4 Bd5 29. Kg1 Rxg2+ 30. Kf1 Rxg3 31. Ne5 Rxb3 32. Nd7 Bc4+ 33.
Ke1 Qh1+ 34. Kd2 Rd3+ 35. Kc2 Qxd1# 0-1

[Event "4NCL Online Division 4"]
[Site "online"]
[Date "2020.06.09"]
[Round "10.21"]
[White "Koroglou, Viktor"]
[Black "Clark, Matthew D H"]
[Result "1-0"]
[WhiteElo "2028"]
[BlackElo "1892"]
[PlyCount "89"]
[EventDate "2020.06.09"]
[WhiteTeam "Bon Accord B"]
[BlackTeam "Shropshire 3"]

1. e4 c5 2. Nf3 d6 3. d4 cxd4 4. Qxd4 Nc6 5. Bb5 Bd7 6. Bxc6 Bxc6 7. Nc3 Nf6 8.
Bg5 e6 9. O-O-O Be7 10. h4 h6 11. Bxf6 Bxf6 12. Qxd6 Qxd6 13. Rxd6 Bxc3 14.
bxc3 Bxe4 15. Ne5 O-O 16. f3 Bh7 17. Rhd1 Rac8 18. Kb2 f6 19. Ng4 e5 20. Ne3
Rf7 21. Rd7 Rc7 22. Rxc7 Rxc7 23. Rd8+ Kf7 24. Nd5 Rc5 25. Rd7+ Ke6 26. Rxg7
Rxd5 27. Rxh7 Rd2 28. Rg7 Rd7 29. Rxd7 Kxd7 30. Kb3 Ke6 31. Kc4 f5 32. a4 h5
33. a5 e4 34. Kd4 exf3 35. gxf3 Kd6 36. f4 b6 37. a6 Ke6 38. c4 Kd6 39. c3 Ke6
40. c5 b5 41. c6 Kd6 42. c7 Kxc7 43. Kc5 Kd7 44. Kxb5 Ke6 45. Kc6 1-0

[Event "4NCL Online Division 4"]
[Site "online"]
[Date "2020.06.09"]
[Round "10.22"]
[White "Tarr, Steve F"]
[Black "Jennings, Richard"]
[Result "0-1"]
[WhiteElo "1817"]
[BlackElo "1872"]
[PlyCount "58"]
[EventDate "2020.06.09"]
[WhiteTeam "Shropshire 3"]
[BlackTeam "Bon Accord B"]

1. d4 d5 2. Bf4 Nf6 3. e3 e6 4. Nd2 Be7 5. Bd3 Nbd7 6. Ngf3 O-O 7. Ne5 c5 8. c3
cxd4 9. exd4 Nxe5 10. dxe5 Ne8 11. h4 f5 12. Nf3 Bd7 13. Ng5 g6 14. g4 Ng7 15.
Qe2 a6 16. O-O-O Rc8 17. Rdg1 d4 18. c4 b5 19. Kb1 Bc6 20. Rh2 bxc4 21. Bxc4
Bd5 22. Bxd5 Qxd5 23. gxf5 Rxf5 24. Rc1 Rxc1+ 25. Bxc1 Qxe5 26. Qxa6 Qxh2 27.
Nxe6 Nxe6 28. Qxe6+ Rf7 29. Qc8+ Bf8 0-1

[Event "4NCL Online Division 4"]
[Site "online"]
[Date "2020.06.09"]
[Round "10.23"]
[White "Vasiliadis, Theodoros"]
[Black "Smith, Mark"]
[Result "1-0"]
[WhiteElo "1820"]
[BlackElo "1832"]
[PlyCount "63"]
[EventDate "2020.06.09"]
[WhiteTeam "Bon Accord B"]
[BlackTeam "Shropshire 3"]

1. e4 Nf6 2. e5 Nd5 3. d4 d6 4. Nf3 dxe5 5. Nxe5 g6 6. Bc4 Be6 7. Qf3 c6 8. O-O
Bg7 9. Nd2 O-O 10. Qe2 Nf4 11. Qe4 Bxc4 12. Ndxc4 Nd5 13. Bd2 Nf6 14. Qh4 Nbd7
15. Rad1 Nxe5 16. dxe5 Nd5 17. f4 b5 18. Na5 Qb6+ 19. Kh1 e6 20. Rf3 Rad8 21.
Rdf1 Rd7 22. Nb3 c5 23. Rh3 h6 24. f5 h5 25. f6 Bh8 26. Qg5 Nxf6 27. exf6 Rd5
28. Qe3 c4 29. Na5 Bxf6 30. Rxf6 Qxa5 31. Bxa5 Rd1+ 32. Be1 1-0

[Event "4NCL Online Division 4"]
[Site "online"]
[Date "2020.06.09"]
[Round "10.24"]
[White "Podlesak, Mark"]
[Black "Brennan, J Ross"]
[Result "1-0"]
[WhiteElo "1675"]
[BlackElo "1706"]
[PlyCount "73"]
[EventDate "2020.06.09"]
[WhiteTeam "Shropshire 3"]
[BlackTeam "Bon Accord B"]

1. d4 d5 2. Nf3 Nf6 3. e3 e6 4. Bd3 c5 5. b3 Bd6 6. O-O O-O 7. Nbd2 Nbd7 8. Bb2
b6 9. Ne5 cxd4 10. exd4 Bb7 11. Qe2 Rc8 12. Rac1 Qc7 13. f4 Rfd8 14. Rf3 Nf8
15. Rh3 Qe7 16. Rf1 Bb4 17. g4 Bxd2 18. Qxd2 Ne4 19. Bxe4 dxe4 20. g5 Rc7 21.
Qe2 Rdc8 22. c4 Rd8 23. Rc1 Qd6 24. Qe3 Rdc8 25. Rc2 Ba8 26. Rg3 Bb7 27. h4 a5
28. h5 Re7 29. Rcg2 Rec7 30. g6 fxg6 31. hxg6 h6 32. Rh3 Re8 33. Rgh2 Ree7 34.
Qg3 Re8 35. Nf7 Qe7 36. Nxh6+ gxh6 37. Rxh6 1-0

[Event "4NCL Online Division 4"]
[Site "online"]
[Date "2020.06.09"]
[Round "10.31"]
[White "Rossiter, Alex"]
[Black "Robbings, Andrew MJ"]
[Result "1-0"]
[WhiteElo "1997"]
[BlackElo "2027"]
[PlyCount "129"]
[EventDate "2020.06.09"]
[WhiteTeam "Bristol Cabot Blackbeards"]
[BlackTeam "Wantage"]

1. e4 e6 2. d4 d5 3. Nc3 Bb4 4. e5 Qd7 5. a3 Bf8 6. f4 b6 7. Nf3 h5 8. Bd3 Ba6
9. O-O h4 10. f5 Bxd3 11. fxe6 fxe6 12. Qxd3 Ne7 13. Ng5 Nbc6 14. Ne2 O-O-O 15.
Nf7 Rg8 16. Nxd8 Nxd8 17. Qh7 g5 18. Bxg5 Rg7 19. Qh8 Ng6 20. Qh5 h3 21. Rf6
Qb5 22. Rxg6 Rxg6 23. Qxg6 Qxe2 24. Bxd8 Kxd8 25. Qf6+ Be7 26. Qf2 Qg4 27. c3
hxg2 28. Qxg2 Qh4 29. Rf1 c5 30. Qg3 Qe4 31. Qf3 Qh4 32. Qf4 Qh5 33. Rf2 Qd1+
34. Kg2 Qh5 35. Rf3 Kd7 36. dxc5 b5 37. b4 Qg6+ 38. Kf1 Qb1+ 39. Kg2 Qg6+ 40.
Qg3 Qc2+ 41. Qf2 Qg6+ 42. Kh1 Qb1+ 43. Qf1 Qe4 44. Qxb5+ Kd8 45. Qb8+ Kd7 46.
Qxa7+ Kd8 47. Qb8+ Kd7 48. Qb5+ Kd8 49. Qd3 Qe1+ 50. Kg2 Qh4 51. Rg3 Qf4 52.
Rg8+ Kc7 53. a4 Qh4 54. Rg3 Qf4 55. Rg6 Qh4 56. Rg7 Kd8 57. a5 Bg5 58. Rg8+ Ke7
59. a6 Qg4+ 60. Kh1 Qh4 61. Rxg5 Qxg5 62. a7 Qc1+ 63. Kg2 Qg5+ 64. Qg3 Qd2+ 65.
Kh3 1-0

[Event "4NCL Online Division 4"]
[Site "online"]
[Date "2020.06.09"]
[Round "10.32"]
[White "Carter, John P"]
[Black "Turner, Lewis A"]
[Result "1-0"]
[WhiteElo "1802"]
[BlackElo "1802"]
[PlyCount "85"]
[EventDate "2020.06.09"]
[WhiteTeam "Wantage"]
[BlackTeam "Bristol Cabot Blackbeards"]

1. e4 c5 2. Nf3 d6 3. d4 cxd4 4. Nxd4 Nf6 5. Nc3 g6 6. Be3 Bg7 7. f3 O-O 8. Qd2
Nc6 9. O-O-O d5 10. exd5 Nxd5 11. Nxc6 bxc6 12. Bd4 Bxd4 13. Qxd4 Qb6 14. Nxd5
cxd5 15. Qxb6 axb6 16. a3 Ra5 17. Re1 Bf5 18. g4 Be6 19. Bd3 Ra4 20. h4 Rc8 21.
h5 Rd4 22. Kd2 g5 23. h6 Rc6 24. Rh5 f6 25. Rh2 Rf4 26. Re3 Rd4 27. c3 Rf4 28.
Rhe2 Kf7 29. Bxh7 d4 30. cxd4 Rxd4+ 31. Rd3 Rxd3+ 32. Bxd3 Rd6 33. h7 Kg7 34.
Rh2 Kh8 35. Ke3 Bf7 36. Rc2 Rxd3+ 37. Kxd3 Bg6+ 38. Kd2 Bxc2 39. Kxc2 Kxh7 40.
a4 Kg6 41. b4 Kf7 42. a5 bxa5 43. bxa5 1-0

[Event "4NCL Online Division 4"]
[Site "online"]
[Date "2020.06.09"]
[Round "10.33"]
[White "Novakov, Oleksii"]
[Black "Mills, Matt"]
[Result "1-0"]
[WhiteElo "1562"]
[BlackElo "1465"]
[PlyCount "59"]
[EventDate "2020.06.09"]
[WhiteTeam "Bristol Cabot Blackbeards"]
[BlackTeam "Wantage"]

1. e4 e5 2. Nf3 Nc6 3. Bc4 Nf6 4. O-O Bc5 5. Re1 O-O 6. c3 Ng4 7. d4 Bb6 8. h3
Nxf2 9. Kxf2 exd4 10. cxd4 Nxd4 11. Be3 Nxf3 12. Qxf3 Bxe3+ 13. Qxe3 Qf6+ 14.
Kg1 Qxb2 15. Nc3 Qb4 16. Qd4 c5 17. Qd3 Qa5 18. Nd5 Qd8 19. Rf1 d6 20. Rae1 Be6
21. e5 b6 22. exd6 Qh4 23. Ne7+ Kh8 24. Bxe6 fxe6 25. Rxf8+ Rxf8 26. Rxe6 Qf2+
27. Kh2 Qxa2 28. Rh6 g6 29. Qc3+ Rf6 30. Qxf6# 1-0

[Event "4NCL Online Division 4"]
[Site "online"]
[Date "2020.06.09"]
[Round "10.34"]
[White "Cordon, Ray"]
[Black "Burnett, Philip"]
[Result "1-0"]
[WhiteElo "1232"]
[BlackElo "1390"]
[PlyCount "65"]
[EventDate "2020.06.09"]
[WhiteTeam "Wantage"]
[BlackTeam "Bristol Cabot Blackbeards"]

1. e4 c5 2. d4 cxd4 3. c3 dxc3 4. Nxc3 d6 5. Nf3 a6 6. Bc4 e6 7. O-O Nf6 8. Qe2
b5 9. Bb3 Be7 10. Rd1 Qc7 11. Bf4 O-O 12. Rac1 e5 13. Nd5 Qd8 14. Rxc8 Qd7 15.
Rxf8+ Bxf8 16. Nb6 Qb7 17. Nxa8 Qxa8 18. Bg5 Nbd7 19. Bxf6 Nxf6 20. Ng5 Be7 21.
Bxf7+ Kh8 22. Bb3 g6 23. Nf7+ Kg7 24. Nxd6 Bxd6 25. Rxd6 Qb8 26. Rd1 Qb6 27. h3
a5 28. a4 bxa4 29. Bxa4 Qb4 30. Bc6 Qb3 31. Bd5 Nxd5 32. exd5 Kf6 33. d6 1-0

[Event "4NCL Online Division 4"]
[Site "online"]
[Date "2020.06.09"]
[Round "10.41"]
[White "Tomlinson, Zak"]
[Black "Stewart, Martin"]
[Result "1/2-1/2"]
[WhiteElo "1802"]
[BlackElo "1802"]
[PlyCount "60"]
[EventDate "2020.06.09"]
[WhiteTeam "Chessmates"]
[BlackTeam "Catford Cosmonauts 3"]

1. e4 e5 2. Nf3 Nf6 3. d4 exd4 4. e5 Ne4 5. Qxd4 d5 6. Be3 Bc5 7. Qd3 Nc6 8.
Bxc5 Nxc5 9. Qb5 Ne6 10. Nc3 d4 11. O-O-O O-O 12. Qa4 Qe7 13. Nb5 Qc5 14. Nbxd4
Ncxd4 15. Nxd4 Qxe5 16. Nxe6 Bxe6 17. Bd3 b5 18. Qh4 g6 19. Be4 Rab8 20. Rhe1
Qc5 21. b3 Rbe8 22. Re3 Bf5 23. Bxf5 Rxe3 24. fxe3 Qxf5 25. Qf4 Qc5 26. Qd4
Qa3+ 27. Kb1 a5 28. Rd3 Qe7 29. Qd7 Qe5 30. g3 Re8 1/2-1/2

[Event "4NCL Online Division 4"]
[Site "online"]
[Date "2020.06.09"]
[Round "10.42"]
[White "Cassen, Robert"]
[Black "Catt, Peter"]
[Result "0-1"]
[WhiteElo "1802"]
[BlackElo "1734"]
[PlyCount "90"]
[EventDate "2020.06.09"]
[WhiteTeam "Catford Cosmonauts 3"]
[BlackTeam "Chessmates"]

1. d4 Nf6 2. c4 c5 3. d5 e6 4. e4 d6 5. Nc3 g6 6. Nge2 Bg7 7. Ng3 O-O 8. Be2 h5
9. Bg5 Qb6 10. Qd2 exd5 11. cxd5 Nh7 12. Be3 h4 13. Nf1 f5 14. Bd3 fxe4 15.
Bxe4 Bf5 16. Bxf5 gxf5 17. O-O-O Nd7 18. Bh6 Ne5 19. Bxg7 Kxg7 20. g3 h3 21.
Ne3 Qd8 22. f4 Ng4 23. Rhe1 Qd7 24. Nxg4 fxg4 25. Re6 Rae8 26. Rde1 Rxe6 27.
dxe6 Qc6 28. Nd5 Nf6 29. Ne7 Qa6 30. Nf5+ Kg8 31. e7 Rb8 32. Qxd6 Qxd6 33. Nxd6
Ne8 34. Nxe8 Rxe8 35. Re5 Kf7 36. Rg5 Rxe7 37. Rxc5 Re1+ 38. Kd2 Rh1 39. Rg5
Rxh2+ 40. Kc3 Rh1 41. Rxg4 h2 42. Kb3 Rg1 43. Rh4 h1=Q 44. Rxh1 Rxh1 45. g4 Rh4
0-1

[Event "4NCL Online Division 4"]
[Site "online"]
[Date "2020.06.09"]
[Round "10.43"]
[White "Fisher, Neal"]
[Black "Oyvat, Cem"]
[Result "1-0"]
[WhiteElo "1720"]
[BlackElo "1667"]
[PlyCount "99"]
[EventDate "2020.06.09"]
[WhiteTeam "Chessmates"]
[BlackTeam "Catford Cosmonauts 3"]

1. d4 d5 2. Bf4 Nf6 3. e3 c5 4. c3 Nc6 5. Nf3 Qb6 6. Qc2 Bf5 7. Qc1 c4 8. Nbd2
e6 9. Be2 Qa5 10. O-O b5 11. h3 b4 12. cxb4 Bxb4 13. a3 Be7 14. b4 Qb6 15. Nh4
Bg6 16. Nxg6 hxg6 17. Bf3 O-O 18. h4 Nh5 19. Bh2 Bxh4 20. g4 Nf6 21. Be2 Nxd4
22. exd4 Qxd4 23. Qd1 Rac8 24. Bd6 Rfd8 25. Bc5 Rxc5 26. bxc5 Qxc5 27. Nf3 g5
28. Qd4 Qd6 29. Qxa7 Nxg4 30. Qd4 f5 31. Qc3 e5 32. Nxh4 gxh4 33. a4 Qg6 34.
Bxg4 Qxg4+ 35. Kh1 h3 36. Rg1 Qe4+ 37. Kh2 Qf4+ 38. Qg3 Qxg3+ 39. Rxg3 d4 40.
Rg6 c3 41. Rc6 e4 42. Kxh3 Kf7 43. a5 g5 44. a6 Rh8+ 45. Kg3 Rh4 46. a7 f4+ 47.
Kg2 Rg4+ 48. Kf1 Rh4 49. a8=Q Rh1+ 50. Kg2 1-0

[Event "4NCL Online Division 4"]
[Site "online"]
[Date "2020.06.09"]
[Round "10.44"]
[White "Marchettini, Cristiano"]
[Black "Webster, Vivien"]
[Result "0-1"]
[WhiteElo "1382"]
[BlackElo "1720"]
[PlyCount "48"]
[EventDate "2020.06.09"]
[WhiteTeam "Catford Cosmonauts 3"]
[BlackTeam "Chessmates"]

1. d4 b6 2. Bf4 Bb7 3. e3 e6 4. c3 h6 5. Nf3 Nf6 6. Nbd2 d6 7. Bd3 Nbd7 8. O-O
Be7 9. Re1 O-O 10. Qc2 c5 11. Rac1 cxd4 12. cxd4 Rc8 13. Qa4 e5 14. dxe5 dxe5
15. Nxe5 Nxe5 16. Rxc8 Bxc8 17. Bxe5 Qxd3 18. Nf3 Ng4 19. Qxa7 Bb4 20. Rf1 Ba6
21. Rc1 Nxe3 22. fxe3 Qxe3+ 23. Kh1 Qxc1+ 24. Ng1 Bc5 0-1

[Event "4NCL Online Division 4"]
[Site "online"]
[Date "2020.06.09"]
[Round "10.51"]
[White "Iles, Stuart P"]
[Black "Tipper, David I"]
[Result "0-1"]
[WhiteElo "1832"]
[BlackElo "1780"]
[PlyCount "54"]
[EventDate "2020.06.09"]
[WhiteTeam "Clevedon"]
[BlackTeam "Downend 2"]

1. b4 e5 2. a3 d5 3. Bb2 Bd6 4. Nf3 Qe7 5. e3 Nf6 6. Be2 O-O 7. d3 Bg4 8. Nbd2
Re8 9. O-O Nbd7 10. c4 c6 11. Re1 Rad8 12. Rc1 Bb8 13. Qb3 e4 14. Nd4 Qd6 15.
g3 Bh3 16. c5 Qe7 17. a4 Ne5 18. dxe4 dxe4 19. Qc2 Neg4 20. Bf1 Bxf1 21. Nxf1
Nd5 22. Nf5 Qg5 23. Nxg7 Re7 24. Rcd1 f6 25. Rd4 Qxg7 26. Rxe4 Ne5 27. Rh4 Nf3+
0-1

[Event "4NCL Online Division 4"]
[Site "online"]
[Date "2020.06.09"]
[Round "10.52"]
[White "Pickup, Ian R"]
[Black "Spiller, Paul"]
[Result "0-1"]
[WhiteElo "1780"]
[BlackElo "1900"]
[PlyCount "104"]
[EventDate "2020.06.09"]
[WhiteTeam "Downend 2"]
[BlackTeam "Clevedon"]

1. e4 e5 2. Nf3 f5 3. Nxe5 Qf6 4. d4 d6 5. Nc4 fxe4 6. Nc3 Qg6 7. f3 exf3 8.
Qxf3 Nc6 9. Bd3 Qg4 10. Qxg4 Bxg4 11. h3 Bd7 12. Be3 O-O-O 13. O-O Nf6 14. a3
Be7 15. b4 a6 16. d5 Ne5 17. Nxe5 dxe5 18. Rad1 Kb8 19. Bf5 Rhf8 20. Bxd7 Rxd7
21. Rd2 Rfd8 22. Rfd1 a5 23. Bg5 axb4 24. Bxf6 gxf6 25. d6 Rxd6 26. Rxd6 Rxd6
27. Rxd6 Bxd6 28. axb4 Bxb4 29. Nd5 Bc5+ 30. Kf1 f5 31. Nf6 Kc8 32. Nxh7 Be7
33. g4 fxg4 34. hxg4 Kd7 35. g5 Ke6 36. g6 Bf6 37. Ke2 Bg7 38. Ng5+ Kf5 39. Nf7
Kxg6 40. Nd8 b6 41. Ne6 c5 42. Kd3 Kf6 43. Nc7 Kf5 44. Kc4 e4 45. Nd5 Bd4 46.
Nxb6 Kf4 47. Nd5+ Kf3 48. c3 e3 49. cxd4 cxd4 50. Kd3 e2 51. Kxd4 e1=Q 52. Kc5
Qa5+ 0-1

[Event "4NCL Online Division 4"]
[Site "online"]
[Date "2020.06.09"]
[Round "10.53"]
[White "Peters, David"]
[Black "Ahmed, Bilal"]
[Result "1-0"]
[WhiteElo "1795"]
[BlackElo "1637"]
[PlyCount "61"]
[EventDate "2020.06.09"]
[WhiteTeam "Clevedon"]
[BlackTeam "Downend 2"]

1. e4 c5 2. g3 d5 3. exd5 Qxd5 4. Qf3 Nf6 5. Nc3 Qd6 6. d3 g6 7. Bh3 Qc7 8. Bf4
Qd8 9. O-O-O Bg7 10. Re1 e6 11. Nb5 Na6 12. Nd6+ Kf8 13. Be5 Qe7 14. Bg2 Nb4
15. Nc4 Ne8 16. a3 Nc6 17. h4 Nxe5 18. Nxe5 Bxe5 19. Rxe5 Kg7 20. Nh3 h6 21.
Qe3 c4 22. dxc4 Nf6 23. Qc5 Qxc5 24. Rxc5 b6 25. Rc7 Rb8 26. Rxa7 Bd7 27. Rd1
Rhd8 28. Nf4 Be8 29. Nxe6+ Kg8 30. Rxd8 Rxd8 31. Nxd8 1-0

[Event "4NCL Online Division 4"]
[Site "online"]
[Date "2020.06.09"]
[Round "10.54"]
[White "Benkhoucha, Samy"]
[Black "Chindelevitch, Leonid"]
[Result "0-1"]
[WhiteElo "1427"]
[BlackElo "1810"]
[PlyCount "70"]
[EventDate "2020.06.09"]
[WhiteTeam "Downend 2"]
[BlackTeam "Clevedon"]

1. e4 d5 2. exd5 Nf6 3. c4 c6 4. Nc3 cxd5 5. cxd5 Nxd5 6. Bc4 Nb6 7. Bb3 Nc6 8.
Nf3 e5 9. Qe2 Bd6 10. d4 Qe7 11. dxe5 Nxe5 12. Nxe5 Bxe5 13. O-O O-O 14. Re1
Re8 15. Bf4 Bf6 16. Qd2 Qd7 17. Rxe8+ Qxe8 18. Re1 Be6 19. Ne4 Be7 20. Bxe6
fxe6 21. Nd6 Qd7 22. Nf5 Bf6 23. Qxd7 Nxd7 24. Rxe6 Nc5 25. Re3 Rd8 26. Kf1
Bxb2 27. Bd6 Bd4 28. Re7 Bf6 29. Bxc5 Bxe7 30. Nxe7+ Kf7 31. Bb4 Rd4 32. Bc3
Rc4 33. Nd5 Rc5 34. Bxg7 Kxg7 35. Ne3 Ra5 0-1